Kalendár zábrany úrazovej ...

Bibliographic Details
Format: Serial
Language:Slovak
PhysicalDescription:4 zv. 16 cm
Published: Bratislava Spolok pre zábranu úrazov 1928-1933
Subjects:

MARC

LEADER 00000cas a2200000 a 4500
001 vtls001357542
003 SK-MaSNL
005 20260228155733.0
008 180129d19281933xo ar| 0 0 0slo
035 |a SNK000311040 
040 |a SNK  |b slo  |c SNK  |e AACR2 
041 0 |a slo 
044 |a xo  |c SK 
072 7 |a 050  |x Seriálové publikácie. Periodiká  |2 konspekt 
080 |a 614.8.084  |2 2011 
080 |a 331.45  |2 2011 
080 |a (059)  |2 2011 
245 0 0 |a Kalendár zábrany úrazovej ... 
260 |a Bratislava  |b Spolok pre zábranu úrazov  |c 1928-1933 
300 |a 4 zv.  |c 16 cm 
310 |a 1x ročne 
362 0 |a Roč. [1] (1928) ; roč. [2] (1931)-roč. [4] (1933)  |z SKP 
500 |a Kalendár zameraný na boj proti pracovným úrazom, obsahuje aj plagáty na tému bezpečnosť pri práci z domácej i zahraničnej produkcie 
500 |a V r.1929-1930 nevychádzal 
500 |a Súčasťou názvu je označenie roka 
650 0 7 |a úrazová prevencia  |2 SNKPH  |9 1301 
650 0 7 |a bezpečnosť práce  |2 SNKPH  |9 1296 
655 7 |a textové kalendáre  |2 SNKPH  |9 60816 
910 |a snk 
999 |c 381  |d 381 
952 |0 0  |1 0  |4 0  |7 0  |8 3  |a SNK  |b SNK  |d 2010-09-04  |i snkK 768/77  |l 0  |o snkČSE 54/1928  |p 17A0668079  |r 2026-02-21 19:54:34  |w 2026-02-21  |y PREZ 
952 |0 0  |1 0  |4 0  |7 0  |8 5  |a SNK  |b SNK  |d 2010-09-04  |i snkF 3175/79  |l 0  |o snkČSE 54/1931  |p 17A0668080  |r 2026-02-21 19:54:34  |w 2026-02-21  |y PREZ 
952 |0 0  |1 0  |4 0  |7 0  |8 5  |a SNK  |b SNK  |d 2010-09-04  |i snkF 3176/79  |l 0  |o snkČSE 54/1932  |p 17A0668081  |r 2026-02-21 19:54:34  |w 2026-02-21  |y PREZ 
952 |0 0  |1 0  |4 0  |7 0  |a SNK  |b SNK  |d 2010-09-04  |l 0  |o snkČSE 54/1933  |p 17A0668082  |r 2026-02-21 19:54:34  |w 2026-02-21  |y PREZ 
952 |0 0  |1 0  |4 0  |7 0  |8 3  |a SNK  |b SNK  |d 1999-03-11  |g 0.83  |i snkK 496/99  |l 0  |o snkČSE 54/1931 D1  |p 17A0183586  |r 2005-01-02 00:00:00  |w 2026-02-21  |y PREZ